Quadrat von zusammengefügten Ländern #1 - Statistiken

Allgemein
  • Dieses Quiz wurde 748 mal gespielt
  • Das Durchschnittsergebnis liegt bei 33 aus 52
Antworten auf der Karte
Die Antworten werden auf der Karte rot bzw. grün angezeigt, abhängig davon wie oft sie richtig erraten wurden.
 
Antwortstatistiken
Land % Korrekt
Deutschland
99%
China
96%
Argentinien
92%
Spanien
90%
Ägypten
89%
Türkei
89%
Schweden
88%
Japan
87%
Portugal
83%
Island
81%
Irland
79%
Kasachstan
78%
Sudan
77%
Marokko
76%
Namibia
76%
Finnland
75%
Schweiz
75%
Libyen
74%
Neuseeland
74%
Österreich
72%
Iran
71%
Tschad
71%
Angola
69%
Mexiko
69%
Pakistan
66%
Australien
65%
Polen
65%
Ukraine
65%
Brasilien
64%
Sri Lanka
64%
Jemen
62%
Venezuela
62%
Madagaskar
57%
Mongolei
57%
Tunesien
57%
Oman
55%
Bolivien
54%
Paraguay
54%
Äthiopien
52%
Afghanistan
49%
Peru
49%
Rumänien
46%
Algerien
45%
Kenia
42%
Uruguay
39%
Kolumbien
38%
Papua Neuguinea
38%
Südkorea
35%
Belarus
30%
Saudi-Arabien
29%
Tansania
29%
Ecuador
28%
Keine übereinstimmenden Quizze gefunden
Verteilung der Resultate
Anzahl Personen mit jedem Resultat
Perzentil nach korrekt beantworteten Fragen
Ihre Resultats-Entwicklung
Sie haben dieses Quiz noch nicht gespielt